The Annotated Shakespeare
| Médium: | Kniha |
|---|---|
| Jazyk: | neznámy jazyk |
| Vydavateľské údaje: |
London
Orbis
1978
|
MARC
| LEADER | 00000nam a2200000 a 4500 | ||
|---|---|---|---|
| 001 | vtls001277990 | ||
| 003 | SK-MaSNL | ||
| 005 | 20260224105323.0 | ||
| 008 | 210928s1978 xx 0 und | ||
| 035 | |a SNK000229279 | ||
| 040 | |a SNK |b slo |c SNK |e AACR2 | ||
| 245 | 1 | 4 | |a The Annotated Shakespeare |
| 260 | |a London |b Orbis |c 1978 | ||
| 300 | |a 912 s. | ||
| 958 | |a OND | ||
| 999 | |c 971721 |d 973651 | ||
| 952 | |t P60, <04>, [BOOK], {604} |a SNK |b SNK |y VYP |7 0 |p 17A0040897 |o snkIB 44932-3 |0 0 |1 0 |4 0 |d 1997-02-27 |l 0 |r 2005-01-02 00:00:00 |w 2026-02-24 | ||


